000
00291nam a2200121Ia 4500
008
241028s9999 xx 000 0 und d
041
_a
eng
082
_a
006.3 HUR
100
_a
Hurwitz
245
_a
Big Data For Dummies
260
_b
Wiley India
_a
New Delhi
_c
2013
300
_a
312;. P. 23 cm
999
_c
43071
_d
43071